000 00767nam a22002537a 4500
003 UA-OsUOA
001 20620
007 ta
008 20031101b un ||||| |||| 00| 0 ukr d
100 _aБашкирцева Мария
090 _a82-94
_bБ33
942 _cBK
040 _aUA-OsUOA
_brus
_cUA-OsUOA
_dUA-OsUOA
245 _aДневник Марии Башкирцевой
_bизбранные страницы
_cсост. А. Е. Басманова
300 _a320 с.
_bІлюстрації
955 _a2
041 _arus
080 _a82-94
020 _a5-235-00976-2
260 _aМ.
_bМолодая гвардия
_c1991
044 _aRU
650 7 _a82 Література. Літературознавство
_2UDC
999 _c306800
_d306800